[Event "Hyeres"]
[Site "Hyeres"]
[Date "2008.07.11"]
[Round "7"]
[White "Langevin, Philippe"]
[Black "Hajage, Samuel"]
[Result "1-0"]
[WhiteElo "2154"]
[BlackElo "1924"]
[PlyCount "149"]
[EventDate "2008.07.07"]
[EventType "tourn"]
[EventRounds "7"]
[EventCountry "FRA"]
[SourceTitle "EXT 2012"]
[Source "ChessBase"]
[SourceDate "2011.11.24"]
[SourceVersion "1"]
[SourceVersionDate "2011.11.24"]
[SourceQuality "1"]

1. e4 c5 2. Nf3 Nc6 3. d4 cxd4 4. Nxd4 Nf6 5. Nc3 e5 6. Ndb5 d6 7. Bg5 a6 8. Na3 b5 9. Nd5 Be7 10. Bxf6 Bxf6 11. Nxb5 axb5 12. Bxb5 Bd7 13. c3 Bg5 14. a4 0-0 15. h4 Bh6 16. g4 g6 17. b4 Nb8 18. Bc4 Be6 19. g5 Bg7 20. Qd3 h5 21. a5 Nc6 22. 0-0 Ne7 23. Rfd1 Nxd5 24. Bxd5 Bxd5 25. Qxd5 Qc8 26. Rd3 Qg4+ 27. Rg3 Qe6 28. Rd1 Rfd8 29. c4 Rdb8 30. b5 Qxd5 31. Rxd5 Rxa5 32. Rxd6 Rc8 33. b6 Ra1+ 34. Kg2 Rb1 35. Rf3 Rxc4 36. Rd8+ Bf8 37. Ra3 Rd4 38. Rc8 Rxb6 39. Raa8 f6 40. Rxf8+ Kg7 41. Rg8+ Kh7 42. Rge8 Rd7 43. Kg3 Rb3+ 44. f3 fxg5 45. hxg5 Rb5 46. Rh8+ Kg7 47. Rag8+ Kf7 48. Rc8 Kg7 49. Rh6 Rb6 50. Rch8 Kf7 51. Rc8 Kg7 52. Re8 Rf7 53. Rhh8 Re7 54. Rxe7+ Kxh8 55. Rxe5 Rb3 56. Re8+ Kg7 57. Re7+ Kg8 58. Re6 Kg7 59. Rf6 Rb1 60. Kf4 Rg1 61. Ra6 h4 62. Ra2 Rh1 63. Ra7+ Kg8 64. Ke5 Rf1 65. f4 h3 66. Ra2 Rf3 67. f5 gxf5 68. exf5 Rb3 69. g6 Rb5+ 70. Kf6 Rb6+ 71. Kg5 Kg7 72. Ra7+ Kg8 73. f6 Rb8 74. Rg7+ Kh8 75. Rh7+ 1-0

[Event "Hyeres"]
[Site "Hyeres"]
[Date "2008.07.08"]
[Round "2"]
[White "Hajage, Samuel"]
[Black "Villegas, Pierre"]
[Result "0-1"]
[WhiteElo "1924"]
[BlackElo "2105"]
[PlyCount "90"]
[EventDate "2008.07.07"]
[EventType "tourn"]
[EventRounds "7"]
[EventCountry "FRA"]
[SourceTitle "EXT 2012"]
[Source "ChessBase"]
[SourceDate "2011.11.24"]
[SourceVersion "1"]
[SourceVersionDate "2011.11.24"]
[SourceQuality "1"]

1. e4 c5 2. Nc3 Nc6 3. Bb5 Na5 4. Nf3 a6 5. Be2 d6 6. d4 cxd4 7. Nxd4 Nf6 8. Be3 e6 9. Nb3 Be7 10. Qd2 0-0 11. 0-0 Nc6 12. Rad1 b5 13. a3 Bb7 14. Bf4 Ne5 15. Bxe5 dxe5 16. Qe3 Qc7 17. Bd3 Nd7 18. Qg3 Rfd8 19. Nd4 Nf8 20. Nf3 Ng6 21. h4 Nf4 22. Rfe1 b4 23. Ne2 bxa3 24. bxa3 Bxa3 25. Nxe5 Nxe2+ 26. Rxe2 Bd6 27. f4 Bxe5 28. fxe5 a5 29. h5 h6 30. Qf4 a4 31. g4 Ra5 32. Rf1 Rd7 33. Ra1 Bc6 34. Kf2 Qb6+ 35. Kf3 a3 36. g5 Qb2 37. Ree1 hxg5 38. Qxg5 Rxe5 39. Qg3 f5 40. Qg6 fxe4+ 41. Kg3 Qb8 42. Kh4 Rf7 43. Bc4 Rf4+ 44. Kg3 Rf6 45. Rab1 Rg5+ 0-1

[Event "Hyeres"]
[Site "Hyeres"]
[Date "2008.07.08"]
[Round "3"]
[White "Penloup, Dominique"]
[Black "Hajage, Samuel"]
[Result "1-0"]
[WhiteElo "1833"]
[BlackElo "1924"]
[PlyCount "125"]
[EventDate "2008.07.07"]
[EventType "tourn"]
[EventRounds "7"]
[EventCountry "FRA"]
[SourceTitle "EXT 2012"]
[Source "ChessBase"]
[SourceDate "2011.11.24"]
[SourceVersion "1"]
[SourceVersionDate "2011.11.24"]
[SourceQuality "1"]

1. e4 c5 2. Nc3 Nc6 3. Bb5 Nd4 4. Bc4 g6 5. Nf3 Bg7 6. Nxd4 cxd4 7. Qf3 Nh6 8. Ne2 0-0 9. d3 Ng4 10. Bb3 Ne5 11. Qg3 a5 12. a3 a4 13. Ba2 Nc6 14. 0-0 d6 15. c3 Qa5 16. Bd2 Bd7 17. Rfd1 Qb6 18. Rab1 Kh8 19. Nf4 Qc5 20. Rdc1 Qa5 21. h4 Rac8 22. Nd5 Be6 23. Rc2 Qa6 24. c4 Ne5 25. Nxe7 Rc7 26. Nd5 Bxd5 27. exd5 f5 28. Bf4 Rd7 29. Rbc1 b6 30. Re2 Re8 31. Rce1 Qc8 32. Bd2 Rdd8 33. Bb4 Bh6 34. f4 Nf7 35. Qf2 Bg7 36. Bb1 Bf6 37. g3 Qd7 38. Bc2 Nh6 39. Rxe8+ Rxe8 40. Rxe8+ Qxe8 41. Qe1 Qe3+ 42. Qxe3 dxe3 43. Bxd6 Ng4 44. Bd1 Nf2 45. Be2 Bxb2 46. Be5+ Bxe5 47. fxe5 Kg7 48. Kg2 Kf7 49. Kf3 Ng4 50. Kf4 Nh6 51. Kxe3 Ke7 52. Bd1 Nf7 53. d4 h6 54. Bxa4 g5 55. hxg5 hxg5 56. d6+ Ke6 57. Bc6 Nh6 58. Bd5+ Kd7 59. c5 bxc5 60. dxc5 Ng4+ 61. Kd4 f4 62. gxf4 gxf4 63. c6+ 1-0

[Event "FRA-ch U14"]
[Site "Le Grand Bornand"]
[Date "2007.04.14"]
[Round "8"]
[White "Hajage, Samuel"]
[Black "Dubessay, Bastien"]
[Result "0-1"]
[WhiteElo "1907"]
[BlackElo "2131"]
[PlyCount "70"]
[EventDate "2007.04.07"]
[EventType "swiss"]
[EventRounds "9"]
[EventCountry "FRA"]
[SourceTitle "CBM 118 Extra"]
[Source "ChessBase"]
[SourceDate "2007.07.04"]
[SourceVersion "1"]
[SourceVersionDate "2007.07.04"]
[SourceQuality "1"]

1. e4 c5 2. Nc3 d6 3. f4 Nc6 4. Nf3 g6 5. Bc4 Bg7 6. 0-0 e6 7. f5 exf5 8. exf5 Bxf5 9. d3 Nge7 10. Qe1 h6 11. g4 Bxg4 12. Bxf7+ Kd7 13. Qg3 Bxf3 14. Qxf3 Rf8 15. Nb5 Kc8 16. Qh3+ Kb8 17. Bf4 Be5 18. Bxe5 Nxe5 19. Qe6 Nxf7 20. Rxf7 Rxf7 21. Qxf7 a6 22. Re1 Nc8 23. Nc3 Qg5+ 24. Kh1 Ka7 25. Rg1 Qd2 26. Qxg6 Qxc2 27. Qe4 Nb6 28. Rg7 Qc1+ 29. Kg2 Qxb2+ 30. Kf3 Rf8+ 31. Kg4 h5+ 32. Kh3 Na4 33. Qe7 Rf3+ 34. Rg3 Rxg3+ 35. hxg3 Qxc3 0-1

[Event "FRA-ch U14"]
[Site "Le Grand Bornand"]
[Date "2007.04.11"]
[Round "5"]
[White "Hajage, Samuel"]
[Black "Brest, Jean Francois"]
[Result "1-0"]
[WhiteElo "1907"]
[BlackElo "1850"]
[PlyCount "137"]
[EventDate "2007.04.07"]
[EventType "swiss"]
[EventRounds "9"]
[EventCountry "FRA"]
[SourceTitle "CBM 118 Extra"]
[Source "ChessBase"]
[SourceDate "2007.07.04"]
[SourceVersion "1"]
[SourceVersionDate "2007.07.04"]
[SourceQuality "1"]

1. e4 c5 2. Nc3 Nc6 3. Bb5 g6 4. Bxc6 bxc6 5. d3 Bg7 6. Be3 d6 7. Qd2 Rb8 8. Rb1 Qa5 9. Nge2 Be6 10. b3 h6 11. 0-0 Nf6 12. h3 g5 13. f4 gxf4 14. Nxf4 Bd7 15. Nfe2 Rg8 16. Rf3 Kd8 17. d4 cxd4 18. Nxd4 Qh5 19. Nde2 Bh8 20. Ng3 Qg6 21. Bxa7 Rb7 22. Be3 Nh5 23. Bf2 Be5 24. Nce2 Nxg3 25. Nxg3 h5 26. h4 Bg4 27. Rd3 Qf6 28. Bd4 Bxd4+ 29. Rxd4 Qxh4 30. Qf2 Be6 31. Rd3 Qg5 32. Nf5 Bxf5 33. exf5 Kd7 34. Rbd1 Qf6 35. c4 Rg5 36. Rf1 Rg8 37. a4 Rgb8 38. Qf3 h4 39. Re1 Rg8 40. Rde3 h3 41. Qxh3 Rh8 42. Rxe7+ Kd8 43. Qxh8+ Qxh8 44. Rxb7 Qd4+ 45. Kf1 Qf4+ 46. Ke2 Qxf5 47. Kd2 Qf2+ 48. Re2 Qf4+ 49. Kc2 Qf5+ 50. Kc3 Qa5+ 51. Kb2 Qf5 52. Rb8+ Kc7 53. Rbe8 Qf6+ 54. Ka2 Qc3 55. R8e7+ Kd8 56. c5 Qxc5 57. Re8+ Kc7 58. R2e7+ Kb6 59. Rb8+ Ka6 60. Ra8+ Kb6 61. a5+ Qxa5+ 62. Rxa5 Kxa5 63. Rxf7 d5 64. Rb7 d4 65. Ka3 Ka6 66. Rd7 c5 67. b4 Kb5 68. bxc5 Kxc5 69. Kb3 1-0

[Event "FRA-ch U14"]
[Site "Le Grand Bornand"]
[Date "2007.04.??"]
[Round "3"]
[White "Hajage, Samuel"]
[Black "Allamand, Jeremie"]
[Result "1-0"]
[WhiteElo "1907"]
[BlackElo "1650"]
[PlyCount "97"]
[EventDate "2007.04.07"]
[EventType "swiss"]
[EventRounds "9"]
[EventCountry "FRA"]
[SourceTitle "CBM 118 Extra"]
[Source "ChessBase"]
[SourceDate "2007.07.04"]
[SourceVersion "1"]
[SourceVersionDate "2007.07.04"]
[SourceQuality "1"]

1. e4 e6 2. d4 d5 3. e5 c5 4. c3 Qb6 5. Nf3 Nc6 6. a3 c4 7. Nbd2 Na5 8. Rb1 Bd7 9. Be2 Nb3 10. Nxb3 Ba4 11. 0-0 Bxb3 12. Qe1 Ne7 13. Nh4 Nc6 14. f4 Be7 15. g4 0-0-0 16. f5 Nxe5 17. Kh1 Bc2 18. Ra1 Be4+ 19. Ng2 Nd3 20. Bxd3 Bxd3 21. Rf2 Be4 22. Kg1 h5 23. fxe6 Qxe6 24. g5 Bd6 25. Qe3 Rde8 26. h3 Bxg2 27. Qxe6+ Rxe6 28. Kxg2 f6 29. Bd2 Rhe8 30. Raf1 Re2 31. g6 Kc7 32. Kf3 Rxf2+ 33. Rxf2 Re4 34. Kg2 h4 35. Kf3 Kc6 36. Rg2 b5 37. Rg4 Rxg4 38. Kxg4 Bg3 39. Bh6 Kd6 40. Bxg7 Ke7 41. Kf5 Be1 42. Bxf6+ Kf8 43. Bg5 a5 44. Bd8 a4 45. Kg4 Kg7 46. Bxh4 Bxh4 47. Kxh4 Kxg6 48. Kg4 Kf6 49. h4 1-0

[Event "FRA-ch U14"]
[Site "Le Grand Bornand"]
[Date "2007.04.??"]
[Round "2"]
[White "Nockels, Thomas"]
[Black "Hajage, Samuel"]
[Result "1/2-1/2"]
[WhiteElo "1843"]
[BlackElo "1907"]
[PlyCount "108"]
[EventDate "2007.04.07"]
[EventType "swiss"]
[EventRounds "9"]
[EventCountry "FRA"]
[SourceTitle "CBM 118 Extra"]
[Source "ChessBase"]
[SourceDate "2007.07.04"]
[SourceVersion "1"]
[SourceVersionDate "2007.07.04"]
[SourceQuality "1"]

1. e4 c5 2. Nf3 Nc6 3. d4 cxd4 4. Nxd4 Nf6 5. Nc3 e5 6. Ndb5 d6 7. Bg5 Be7 8. Bxf6 gxf6 9. Nd5 0-0 10. Nxe7+ Nxe7 11. Qxd6 Be6 12. Qxd8 Rfxd8 13. Nc7 Rac8 14. Nxe6 fxe6 15. Bd3 Nc6 16. 0-0-0 Rd6 17. a3 Nd4 18. c3 Rb6 19. Rhe1 Nb3+ 20. Kb1 Nc5 21. Bc2 a5 22. a4 Na6 23. Re3 Nc5 24. Kc1 Kg7 25. Rf3 Kf7 26. Rh3 Kg7 27. Rf1 Rd6 28. f4 exf4 29. Rxf4 e5 30. Rg4+ Kh8 31. Rh6 Rg8 32. Rgh4 Rxg2 33. Rxh7+ Kg8 34. Rh8+ Kg7 35. R4h7+ Kg6 36. Rg8+ Kxh7 37. Rxg2 Ne6 38. Rd2 Rb6 39. Rd5 Nf4 40. Rxa5 Ne2+ 41. Kd2 Rxb2 42. Rb5 Rxb5 43. axb5 Nf4 44. b6 Ne6 45. Bb3 Nc5 46. Bd5 Kg6 47. Ke3 f5 48. Kf3 f4 49. Kg4 Kf6 50. h3 Kg6 51. h4 Nd7 52. Bxb7 Nxb6 53. Bd5 Na4 54. c4 Nc5 1/2-1/2

[Event "FRA-ch U14"]
[Site "Aix les Bains"]
[Date "2006.04.21"]
[Round "7"]
[White "Hajage, Samuel"]
[Black "Martin, Cedric"]
[Result "0-1"]
[WhiteElo "1867"]
[BlackElo "2012"]
[PlyCount "52"]
[EventDate "2006.04.16"]
[EventType "swiss"]
[EventRounds "9"]
[EventCountry "FRA"]
[SourceTitle "EXT 2007"]
[Source "ChessBase"]
[SourceDate "2006.11.23"]
[SourceVersion "1"]
[SourceVersionDate "2006.11.23"]
[SourceQuality "1"]

1. e4 e6 2. d4 d5 3. exd5 exd5 4. Bd3 Nc6 5. c3 Bd6 6. Nf3 Bg4 7. Nbd2 Nge7 8. h3 Bf5 9. Qc2 Qd7 10. 0-0 0-0-0 11. Bxf5 Nxf5 12. b4 f6 13. b5 Nce7 14. a4 g5 15. c4 h5 16. c5 Bf4 17. c6 bxc6 18. Qc5 Kb8 19. Qb4 Bd6 20. Qa5 g4 21. Rb1 c5 22. Nb3 gxf3 23. Nxc5 Bxc5 24. dxc5 Rdg8 25. b6 Rxg2+ 26. Kh1 Ng3+ 0-1

[Event "FRA-ch U14"]
[Site "Aix les Bains"]
[Date "2006.04.18"]
[Round "4"]
[White "Filippas, Sebastian"]
[Black "Hajage, Samuel"]
[Result "1-0"]
[WhiteElo "2113"]
[BlackElo "1867"]
[PlyCount "53"]
[EventDate "2006.04.16"]
[EventType "swiss"]
[EventRounds "9"]
[EventCountry "FRA"]
[SourceTitle "EXT 2007"]
[Source "ChessBase"]
[SourceDate "2006.11.23"]
[SourceVersion "1"]
[SourceVersionDate "2006.11.23"]
[SourceQuality "1"]

1. e4 c5 2. Nf3 Nc6 3. Bb5 e6 4. 0-0 Nge7 5. Re1 g6 6. c3 Bg7 7. d4 cxd4 8. cxd4 d5 9. e5 0-0 10. Nc3 Bd7 11. Bxc6 Nxc6 12. Be3 a6 13. Rc1 b5 14. Qd2 Re8 15. Bh6 Bh8 16. Ne2 Qa5 17. Qxa5 Nxa5 18. Rc7 Red8 19. Bg5 Bg7 20. Bxd8 Rxd8 21. Nf4 Bf8 22. Nd3 Be7 23. b3 Kf8 24. Rec1 Ke8 25. Ra7 Bc8 26. Rcc7 Rd7 27. Rxc8+ 1-0

[Event "FRA-ch U14"]
[Site "Aix les Bains"]
[Date "2006.??.??"]
[Round "2"]
[White "Hajage, Samuel"]
[Black "Sochacki, Wojtek"]
[Result "1/2-1/2"]
[WhiteElo "1867"]
[BlackElo "2011"]
[PlyCount "61"]
[EventDate "2006.04.16"]
[EventType "swiss"]
[EventRounds "9"]
[EventCountry "FRA"]
[SourceTitle "EXT 2007"]
[Source "ChessBase"]
[SourceDate "2006.11.23"]
[SourceVersion "1"]
[SourceVersionDate "2006.11.23"]
[SourceQuality "1"]

1. e4 e6 2. d4 d5 3. e5 c5 4. c3 Qb6 5. Nf3 Bd7 6. Be2 Nc6 7. a3 cxd4 8. cxd4 Nge7 9. b4 a6 10. Nc3 Na7 11. Bb2 Ng6 12. g3 Be7 13. h4 0-0-0 14. Rc1 Kb8 15. Na4 Bxb4+ 16. Kf1 Qa5 17. Nc5 Bxc5 18. Rxc5 Qa4 19. Qd2 Bb5 20. Kg2 Bxe2 21. Qxe2 Rc8 22. Rhc1 Rxc5 23. Rxc5 Rc8 24. Rxc8+ Nxc8 25. Ng5 Nb6 26. Nxf7 Nc4 27. Ng5 Qb3 28. Bc1 Qb6 29. Qd3 Nf8 30. Qf3 Ng6 31. Qd3 1/2-1/2